[Event "15th Bangkok Chess Club Open Blitz 2015"]
[Site "Dusit Thani, Pattaya"]
[Date "2015.04.15"]
[Round "12.2"]
[White "Socko, Bartosz"]
[Black "Roy, Prantik"]
[Result "*"]
[BlackElo "2308"]
[WhiteElo "2623"]
[LiveChessVersion "1.4.5"]

1. e4 {[%clk 0:03:03]} c6 {[%clk 0:03:03]} 2. d4 {[%clk 0:03:04]} d5
{[%clk 0:03:04]} 3. e5 {[%clk 0:03:04]} c5 {[%clk 0:03:05]} 4. dxc5
{[%clk 0:03:05]} e6 {[%clk 0:03:07]} 5. Nf3 {[%clk 0:03:05]} Bxc5
{[%clk 0:03:07]} 6. a3 {[%clk 0:03:06]} Nc6 {[%clk 0:03:07]} 7. b4
{[%clk 0:03:07]} Be7 {[%clk 0:03:06]} 8. Bb2 {[%clk 0:03:08]} Nh6
{[%clk 0:03:06]} 9. Bd3 {[%clk 0:03:09]} Nf5 {[%clk 0:03:06]} 10. O-O
{[%clk 0:03:03]} O-O {[%clk 0:02:58]} 11. Nbd2 {[%clk 0:03:05]} f6
{[%clk 0:02:51]} 12. exf6 {[%clk 0:02:57]} Bxf6 {[%clk 0:02:52]} 13. Bxf6
{[%clk 0:02:57]} Qxf6 {[%clk 0:02:53]} 14. Nb3 {[%clk 0:02:50]} Nd6
{[%clk 0:02:31]} 15. Be2 {[%clk 0:02:39]} Bd7 {[%clk 0:02:23]} 16. c4
{[%clk 0:02:23]} Ne4 {[%clk 0:02:19]} 17. cxd5 {[%clk 0:02:13]} Nc3
{[%clk 0:02:20]} 18. Qd2 {[%clk 0:02:09]} exd5 {[%clk 0:01:56]} 19. Rae1
{[%clk 0:01:44]} Bg4 {[%clk 0:01:28]} 20. Nfd4 {[%clk 0:01:45]} Nxe2+
{[%clk 0:01:23]} 21. Nxe2 {[%clk 0:01:46]} Rad8 {[%clk 0:01:14]} 22. Ned4
{[%clk 0:01:47]} Ne5 {[%clk 0:01:12]} 23. f3 {[%clk 0:01:42]} Nc4
{[%clk 0:01:06]} 24. Qc1 {[%clk 0:01:43]} Bc8 {[%clk 0:01:07]} 25. Re2
{[%clk 0:01:39]} Rde8 {[%clk 0:01:06]} 26. Rfe1 {[%clk 0:01:39]} Bd7
{[%clk 0:01:07]} 27. Qa1 {[%clk 0:01:19]} b6 {[%clk 0:01:01]} 28. a4
{[%clk 0:01:10]} Rxe2 {[%clk 0:00:53]} 29. Rxe2 {[%clk 0:01:12]} Re8
{[%clk 0:00:54]} 30. Rxe8+ {[%clk 0:01:09]} Bxe8 {[%clk 0:00:56]} 31. b5
{[%clk 0:01:07]} Qe5 {[%clk 0:00:54]} 32. Qc1 {[%clk 0:01:03]} Bg6
{[%clk 0:00:39]} 33. g3 {[%clk 0:00:59]} h6 {[%clk 0:00:38]} 34. Kf2
{[%clk 0:00:55]} Kf7 {[%clk 0:00:39]} 35. Nc6 {[%clk 0:00:48]} Qd6
{[%clk 0:00:38]} 36. Nbd4 {[%clk 0:00:41]} Qc5 {[%clk 0:00:30]} 37. Qf4+
{[%clk 0:00:37]} Kg8 {[%clk 0:00:28]} 38. Kg2 {[%clk 0:00:36]} Kh7
{[%clk 0:00:26]} 39. Ne6 {[%clk 0:00:30]} Ne3+ {[%clk 0:00:24]} 40. Kh3
{[%clk 0:00:25]} Bf5+ {[%clk 0:00:24]} 41. Qxf5+ {[%clk 0:00:25]} Nxf5
{[%clk 0:00:25]} 42. Nxc5 {[%clk 0:00:26]} bxc5 {[%clk 0:00:25]} 43. Nxa7
{[%clk 0:00:16]} c4 {[%clk 0:00:26]} 44. b6 {[%clk 0:00:16]} c3 {[%clk 0:00:19]}
45. b7 {[%clk 0:00:16]} c2 {[%clk 0:00:19]} 46. b8=Q {[%clk 0:00:16]} c1=Q
{[%clk 0:00:21]} 47. Qb5 {[%clk 0:00:13]} Qd1 {[%clk 0:00:17]} 48. Nc6
{[%clk 0:00:12]} Qxf3 {[%clk 0:00:17]} 49. Ne5 {[%clk 0:00:09]} Qh5+
{[%clk 0:00:17]} 50. Kg2 {[%clk 0:00:11]} Ne3+ {[%clk 0:00:18]} 51. Kf2
{[%clk 0:00:09]} Qxe5 {[%clk 0:00:19]} 52. Qe2 {[%clk 0:00:08]} d4
{[%clk 0:00:20]} 53. Qd3+ {[%clk 0:00:09]} Nf5 {[%clk 0:00:21]} 54. g4
{[%clk 0:00:08]} Qxh2+ {[%clk 0:00:21]} 55. Kf3 {[%clk 0:00:03]} Qh3+
{[%clk 0:00:20]} 56. Ke4 {[%clk 0:00:04]} Qxg4+ {[%clk 0:00:20]} 57. Kd5
{[%clk 0:00:06]} Qg6 {[%clk 0:00:19]} 58. Ke5 {[%clk 0:00:05]} Ne7
{[%clk 0:00:16]} 59. Qxg6+ {[%clk 0:00:03]} Kxg6 60. a5 {[%clk 0:00:04]} Nc6+
{[%clk 0:00:18]} *

[Event "15th Bangkok Chess Club Open Blitz 2015"]
[Site "Dusit Thani, Pattaya"]
[Date "2015.04.15"]
[Round "12.3"]
[White "Barbosa, Oliver"]
[Black "Grafil, Franz Robert"]
[Result "*"]
[BlackElo "2156"]
[WhiteElo "2610"]
[LiveChessVersion "1.4.5"]

1. b3 {[%clk 0:03:01]} e5 {[%clk 0:03:03]} 2. Bb2 {[%clk 0:03:02]} Nc6
{[%clk 0:03:04]} 3. e3 {[%clk 0:03:02]} Nf6 {[%clk 0:03:05]} 4. c4
{[%clk 0:02:57]} d5 {[%clk 0:02:47]} 5. cxd5 {[%clk 0:02:57]} Nxd5
{[%clk 0:02:49]} 6. d3 {[%clk 0:02:56]} Bb4+ {[%clk 0:02:45]} 7. Nd2
{[%clk 0:02:56]} O-O {[%clk 0:02:42]} 8. a3 {[%clk 0:02:56]} Be7 {[%clk 0:02:38]}
9. Ngf3 {[%clk 0:02:56]} f6 {[%clk 0:02:34]} 10. b4 {[%clk 0:02:54]} Be6
{[%clk 0:02:27]} 11. Be2 {[%clk 0:02:53]} a5 {[%clk 0:02:26]} 12. b5 Na7
{[%clk 0:02:26]} 13. d4 {[%clk 0:02:48]} exd4 {[%clk 0:02:23]} 14. Nxd4
{[%clk 0:02:48]} Bf7 {[%clk 0:02:23]} 15. O-O {[%clk 0:02:44]} c5
{[%clk 0:01:55]} 16. bxc6 {[%clk 0:02:31]} Nxc6 {[%clk 0:01:55]} 17. Nxc6
{[%clk 0:02:30]} bxc6 {[%clk 0:01:57]} 18. Qc2 {[%clk 0:02:27]} Qb6
{[%clk 0:01:49]} 19. Nc4 Qb7 20. Rab1 {[%clk 0:02:25]} Qd7 {[%clk 0:01:41]} 21.
Bd3 {[%clk 0:02:20]} h6 {[%clk 0:01:23]} 22. Rfd1 {[%clk 0:02:19]} Qa7
{[%clk 0:00:58]} 23. Bd4 {[%clk 0:02:12]} c5 {[%clk 0:00:57]} 24. Ba1
{[%clk 0:02:11]} Rab8 {[%clk 0:00:56]} 25. Bg6 {[%clk 0:02:05]} Bxg6
{[%clk 0:00:45]} 26. Qxg6 {[%clk 0:02:04]} Rxb1 {[%clk 0:00:41]} 27. Qxb1
{[%clk 0:02:04]} Rd8 {[%clk 0:00:37]} 28. h4 Nc7 {[%clk 0:00:31]} 29. Rc1
{[%clk 0:01:57]} Ne6 {[%clk 0:00:24]} 30. Qe4 {[%clk 0:01:57]} Qd7
{[%clk 0:00:22]} 31. Rb1 {[%clk 0:01:47]} Nf8 {[%clk 0:00:18]} 32. Nxa5
{[%clk 0:01:39]} Qd2 {[%clk 0:00:13]} 33. Nc4 {[%clk 0:01:31]} Qa2
{[%clk 0:00:07]} 34. Rc1 {[%clk 0:01:29]} Bd6 {[%clk 0:00:04]} 35. Qc2
{[%clk 0:01:26]} Qxc2 {[%clk 0:00:04]} 36. Rxc2 {[%clk 0:01:27]} Be7
{[%clk 0:00:04]} 37. Bc3 {[%clk 0:01:26]} Kf7 {[%clk 0:00:06]} 38. Kf1
{[%clk 0:01:26]} Ke6 {[%clk 0:00:06]} 39. Ke2 Nd7 40. a4 {[%clk 0:01:24]} Ra8
{[%clk 0:00:08]} 41. a5 {[%clk 0:01:25]} Bd8 {[%clk 0:00:04]} 42. f4
{[%clk 0:01:24]} Bc7 {[%clk 0:00:04]} 43. h5 {[%clk 0:01:24]} Kf5
{[%clk 0:00:05]} 44. Rd2 {[%clk 0:01:24]} Ke6 {[%clk 0:00:06]} 45. g4
{[%clk 0:01:24]} Nf8 {[%clk 0:00:04]} 46. Kf3 {[%clk 0:01:23]} Ke7
{[%clk 0:00:05]} 47. Rd5 {[%clk 0:01:23]} Ne6 {[%clk 0:00:03]} 48. Rd2
{[%clk 0:01:14]} Ra6 {[%clk 0:00:03]} 49. Ke4 {[%clk 0:01:14]} Ra8
{[%clk 0:00:04]} 50. Kf5 {[%clk 0:01:14]} Nf8 {[%clk 0:00:04]} 51. Rb2
{[%clk 0:01:10]} Kd7 {[%clk 0:00:03]} 52. Nb6+ {[%clk 0:01:07]} Bxb6
{[%clk 0:00:04]} 53. axb6 {[%clk 0:01:05]} Kc6 {[%clk 0:00:04]} 54. g5
{[%clk 0:00:51]} hxg5 {[%clk 0:00:04]} 55. fxg5 {[%clk 0:00:52]} fxg5 *

[Event "15th Bangkok Chess Club Open Blitz 2015"]
[Site "Dusit Thani, Pattaya"]
[Date "2015.04.15"]
[Round "12.4"]
[White "Alahakoon, Isuru"]
[Black "Causo, Deniel"]
[Result "*"]
[BlackElo "2401"]
[WhiteElo "2152"]
[LiveChessVersion "1.4.5"]

1. e4 {[%clk 0:03:03]} d5 {[%clk 0:03:03]} 2. exd5 {[%clk 0:03:03]} Nf6
{[%clk 0:03:04]} 3. d4 {[%clk 0:03:02]} Bg4 {[%clk 0:03:04]} 4. Be2 Bxe2
{[%clk 0:03:03]} 5. Qxe2 {[%clk 0:02:56]} Qxd5 {[%clk 0:03:04]} 6. Nf3
{[%clk 0:02:56]} Nc6 {[%clk 0:02:59]} 7. Nc3 {[%clk 0:02:55]} Qh5
{[%clk 0:02:53]} 8. O-O {[%clk 0:02:46]} O-O-O {[%clk 0:02:53]} 9. Ng5
{[%clk 0:02:34]} Qg6 {[%clk 0:02:39]} 10. Qc4 {[%clk 0:02:29]} e6
{[%clk 0:02:38]} 11. Nf3 {[%clk 0:02:24]} Bd6 {[%clk 0:02:11]} 12. Nb5
{[%clk 0:02:22]} Nd5 {[%clk 0:01:50]} 13. Qe2 {[%clk 0:02:07]} Qh5
{[%clk 0:01:43]} 14. c4 {[%clk 0:02:05]} Bxh2+ {[%clk 0:01:40]} 15. Kh1
{[%clk 0:01:59]} Nf6 {[%clk 0:01:31]} 16. Be3 {[%clk 0:01:21]} a6
{[%clk 0:01:30]} 17. Nc3 {[%clk 0:01:19]} Ng4 {[%clk 0:01:26]} 18. Bg5
{[%clk 0:00:58]} Nxd4 {[%clk 0:01:24]} 19. Qe4 {[%clk 0:00:16]} Nxf3
{[%clk 0:01:18]} 20. Qxf3 {[%clk 0:00:13]} Bg3+ {[%clk 0:01:18]} 21. Qd1 *

[Event "15th Bangkok Chess Club Open Blitz 2015"]
[Site "Dusit Thani, Pattaya"]
[Date "2015.04.15"]
[Round "12.5"]
[White "Biag, Ivan Gil"]
[Black "Ravi, Teja S."]
[Result "*"]
[BlackElo "2368"]
[WhiteElo "2328"]
[LiveChessVersion "1.4.5"]

1. d4 {[%clk 0:03:03]} d5 {[%clk 0:03:02]} 2. c4 {[%clk 0:03:04]} c6
{[%clk 0:03:03]} 3. Nf3 {[%clk 0:03:05]} Nf6 {[%clk 0:03:04]} 4. e3
{[%clk 0:03:05]} Bf5 {[%clk 0:03:05]} 5. Nc3 {[%clk 0:03:06]} a6 {[%clk 0:03:07]}
6. Be2 {[%clk 0:02:54]} e6 {[%clk 0:03:07]} 7. Nh4 {[%clk 0:02:46]} Bg6
{[%clk 0:03:08]} 8. Nxg6 {[%clk 0:02:45]} hxg6 {[%clk 0:03:09]} 9. h3
{[%clk 0:02:39]} Bd6 {[%clk 0:03:10]} 10. O-O {[%clk 0:02:38]} Nbd7
{[%clk 0:03:09]} 11. b3 {[%clk 0:02:37]} Qe7 {[%clk 0:03:04]} 12. Bb2
{[%clk 0:02:34]} e5 {[%clk 0:02:59]} 13. cxd5 {[%clk 0:02:31]} cxd5
{[%clk 0:03:00]} 14. Rc1 {[%clk 0:02:30]} e4 {[%clk 0:02:53]} 15. Na4
{[%clk 0:02:19]} Qe6 {[%clk 0:02:51]} 16. Re1 {[%clk 0:01:52]} Rxh3
{[%clk 0:02:30]} 17. Nc5 {[%clk 0:01:10]} Nxc5 {[%clk 0:02:16]} 18. dxc5
{[%clk 0:01:10]} Bh2+ {[%clk 0:02:17]} 19. Kf1 {[%clk 0:01:02]} Be5
{[%clk 0:02:17]} 20. Kg1 {[%clk 0:01:03]} Bxb2 {[%clk 0:02:12]} 21. gxh3
{[%clk 0:01:04]} Qxh3 {[%clk 0:02:13]} 22. Bf1 {[%clk 0:01:03]} Qh4
{[%clk 0:02:13]} 23. Bg2 {[%clk 0:01:02]} Bxc1 {[%clk 0:01:57]} 24. Qxc1
{[%clk 0:01:03]} Ng4 {[%clk 0:01:41]} 25. Re2 {[%clk 0:01:01]} Qh2+
{[%clk 0:01:39]} 26. Kf1 {[%clk 0:01:02]} Ne5 {[%clk 0:01:40]} 27. Rc2
{[%clk 0:00:33]} Nf3 {[%clk 0:01:38]} 28. Bxf3 {[%clk 0:00:11]} exf3
{[%clk 0:01:38]} 29. Ke1 {[%clk 0:00:13]} Qg1+ {[%clk 0:01:31]} 30. Kd2
{[%clk 0:00:14]} Qxf2+ {[%clk 0:01:32]} 31. Kc3 {[%clk 0:00:15]} Qg3
{[%clk 0:01:28]} 32. Qd2 {[%clk 0:00:04]} Qe5+ {[%clk 0:01:27]} 33. Kb4
{[%clk 0:00:04]} g5 {[%clk 0:01:21]} 34. Ka3 {[%clk 0:00:04]} g4 {[%clk 0:01:22]}
35. c6 bxc6 *

[Event "15th Bangkok Chess Club Open Blitz 2015"]
[Site "Dusit Thani, Pattaya"]
[Date "2015.04.15"]
[Round "12.6"]
[White "Bartel, Michal"]
[Black "Dimakiling, Oliver"]
[Result "0-1"]
[BlackElo "2422"]
[WhiteElo "2381"]
[LiveChessVersion "1.4.5"]

1. e4 {[%clk 0:03:04]} d5 {[%clk 0:03:03]} 2. exd5 {[%clk 0:03:05]} Qxd5
{[%clk 0:03:03]} 3. Nc3 {[%clk 0:03:06]} Qd8 {[%clk 0:03:04]} 4. g3
{[%clk 0:03:07]} Nf6 {[%clk 0:03:05]} 5. Bg2 {[%clk 0:03:08]} e6 {[%clk 0:03:04]}
6. Nge2 {[%clk 0:03:09]} c5 {[%clk 0:03:04]} 7. d4 {[%clk 0:03:09]} cxd4
{[%clk 0:03:03]} 8. Qxd4 {[%clk 0:03:09]} Nbd7 {[%clk 0:03:01]} 9. Nb5
{[%clk 0:02:49]} Qa5+ {[%clk 0:02:58]} 10. Nec3 {[%clk 0:02:46]} Bc5
{[%clk 0:02:57]} 11. Nd6+ {[%clk 0:02:26]} Ke7 {[%clk 0:02:54]} 12. Nxc8+
{[%clk 0:02:26]} Raxc8 {[%clk 0:02:54]} 13. Qa4 {[%clk 0:02:12]} Bb4
{[%clk 0:02:32]} 14. Qxa5 {[%clk 0:02:10]} Bxa5 {[%clk 0:02:33]} 15. Bd2
{[%clk 0:02:11]} Ne5 {[%clk 0:02:31]} 16. O-O-O {[%clk 0:01:25]} Nc4
{[%clk 0:02:30]} 17. Be1 {[%clk 0:01:26]} Rc7 {[%clk 0:02:23]} 18. Nb5
{[%clk 0:01:19]} Rc5 {[%clk 0:02:10]} 19. Bxa5 {[%clk 0:01:08]} Nxa5
{[%clk 0:02:10]} 20. Nd4 {[%clk 0:01:04]} Nc4 {[%clk 0:01:55]} 21. Bxb7
{[%clk 0:00:58]} Nd5 {[%clk 0:01:40]} 22. Nf5+ {[%clk 0:00:43]} Kf6
{[%clk 0:01:41]} 23. Bxd5 {[%clk 0:00:43]} exd5 {[%clk 0:01:39]} 24. Ne3
{[%clk 0:00:43]} Nxe3 {[%clk 0:01:37]} 25. fxe3 {[%clk 0:00:44]} Ke5
{[%clk 0:01:37]} 26. Rd4 {[%clk 0:00:42]} f5 {[%clk 0:01:38]} 27. Rhd1
{[%clk 0:00:43]} g5 {[%clk 0:01:34]} 28. Ra4 {[%clk 0:00:40]} a5 {[%clk 0:01:35]}
29. c3 {[%clk 0:00:36]} h5 {[%clk 0:01:33]} 30. h4 {[%clk 0:00:36]} Rg8
{[%clk 0:01:32]} 31. Rf1 {[%clk 0:00:27]} Rc4 {[%clk 0:01:16]} 32. Rxa5
{[%clk 0:00:18]} gxh4 {[%clk 0:01:16]} 33. gxh4 {[%clk 0:00:19]} Rxh4
{[%clk 0:01:16]} 34. Rd1 {[%clk 0:00:16]} Rd8 {[%clk 0:01:17]} 35. a4
{[%clk 0:00:15]} Re4 {[%clk 0:01:14]} 36. Ra7 {[%clk 0:00:15]} Kf6
{[%clk 0:01:13]} 37. Ra5 {[%clk 0:00:10]} h4 {[%clk 0:00:50]} 38. Ra6+
{[%clk 0:00:07]} Kg5 {[%clk 0:00:50]} 39. Rg1+ {[%clk 0:00:08]} Rg4
{[%clk 0:00:50]} 40. Rh1 {[%clk 0:00:09]} Re8 {[%clk 0:00:48]} 41. a5
{[%clk 0:00:07]} Rxe3 {[%clk 0:00:48]} 42. Ra8 {[%clk 0:00:08]} Ree4
{[%clk 0:00:44]} 43. a6 {[%clk 0:00:08]} Ra4 {[%clk 0:00:45]} 44. Kc2
{[%clk 0:00:09]} d4 {[%clk 0:00:45]} 45. Rg8+ {[%clk 0:00:05]} Kf4
{[%clk 0:00:44]} 46. Rf1+ {[%clk 0:00:06]} Kg3 {[%clk 0:00:43]} 47. Ra8
{[%clk 0:00:06]} dxc3 {[%clk 0:00:42]} 48. Rxf5 {[%clk 0:00:06]} cxb2
{[%clk 0:00:41]} 49. Kxb2 {[%clk 0:00:07]} h3 {[%clk 0:00:40]} 50. Rh5
{[%clk 0:00:08]} Kg2 {[%clk 0:00:40]} 51. a7 {[%clk 0:00:07]} Rg3
{[%clk 0:00:34]} 52. Rh7 {[%clk 0:00:07]} Rga3 {[%clk 0:00:28]} 53. Rg8+
{[%clk 0:00:07]} Kh2 {[%clk 0:00:28]} 54. Rgh8 {[%clk 0:00:08]} Rxa7
{[%clk 0:00:27]} 55. Rxa7 {[%clk 0:00:07]} Rxa7 {[%clk 0:00:28]} 56. Rg8
{[%clk 0:00:08]} Rc7 {[%clk 0:00:28]} 57. Kb3 {[%clk 0:00:09]} Kh1
{[%clk 0:00:28]} 58. Kb2 {[%clk 0:00:11]} h2 59. Kb3 Rc1 60. Kb2 Rg1
{[%clk 0:00:28]} 61. Rf8 {[%clk 0:00:16]} Rg3 {[%clk 0:00:27]} 62. Kc2
{[%clk 0:00:17]} Kg2 {[%clk 0:00:27]} 0-1

[Event "15th Bangkok Chess Club Open Blitz 2015"]
[Site "Dusit Thani, Pattaya"]
[Date "2015.04.15"]
[Round "13.2"]
[White "Grafil, Franz Robert"]
[Black "Alahakoon, Isuru"]
[Result "*"]
[BlackElo "2152"]
[WhiteElo "2156"]
[LiveChessVersion "1.4.5"]

1. d4 {[%clk 0:03:03]} Nf6 {[%clk 0:03:03]} 2. c4 {[%clk 0:03:04]} g6
{[%clk 0:03:04]} 3. g3 {[%clk 0:03:06]} Bg7 {[%clk 0:03:05]} 4. Bg2
{[%clk 0:03:07]} d6 {[%clk 0:03:05]} 5. Nc3 {[%clk 0:03:08]} O-O {[%clk 0:03:05]}
6. Nf3 {[%clk 0:03:10]} c6 {[%clk 0:03:05]} 7. O-O {[%clk 0:03:10]} Qa5
{[%clk 0:03:06]} 8. e4 {[%clk 0:03:12]} Bg4 {[%clk 0:03:06]} 9. h3
{[%clk 0:03:13]} Bxf3 {[%clk 0:03:06]} 10. Bxf3 {[%clk 0:03:14]} Nbd7
{[%clk 0:03:04]} 11. a3 {[%clk 0:03:12]} c5 {[%clk 0:02:55]} 12. d5
{[%clk 0:03:09]} Ne5 {[%clk 0:02:55]} 13. Be2 {[%clk 0:03:08]} a6
{[%clk 0:02:50]} 14. f4 {[%clk 0:03:06]} Ned7 {[%clk 0:02:49]} 15. Be3
{[%clk 0:02:57]} b5 {[%clk 0:02:43]} 16. cxb5 {[%clk 0:02:42]} axb5
{[%clk 0:02:43]} 17. Bxb5 {[%clk 0:02:39]} Nxe4 {[%clk 0:02:26]} 18. Bxd7
{[%clk 0:02:33]} Nxg3 {[%clk 0:02:02]} 19. Rf3 {[%clk 0:02:23]} Nh5
{[%clk 0:01:58]} 20. Rc1 {[%clk 0:02:12]} Nf6 21. Bc6 {[%clk 0:02:04]} Rab8
{[%clk 0:01:57]} 22. Rc2 {[%clk 0:02:04]} e6 {[%clk 0:01:43]} 23. dxe6
{[%clk 0:02:00]} fxe6 {[%clk 0:01:43]} 24. Qxd6 {[%clk 0:01:57]} Rfd8
{[%clk 0:01:40]} 25. Qxe6+ {[%clk 0:01:50]} Kh8 {[%clk 0:01:40]} 26. f5
{[%clk 0:01:43]} Rxb2 {[%clk 0:01:33]} 27. Rxb2 {[%clk 0:01:35]} Qxc3
{[%clk 0:01:33]} 28. Rbf2 {[%clk 0:01:32]} Rd1+ {[%clk 0:01:25]} 29. Rf1
{[%clk 0:01:17]} Rd8 {[%clk 0:01:19]} 30. fxg6 {[%clk 0:01:16]} hxg6
{[%clk 0:01:17]} 31. Rxf6 {[%clk 0:01:13]} *

[Event "15th Bangkok Chess Club Open Blitz 2015"]
[Site "Dusit Thani, Pattaya"]
[Date "2015.04.15"]
[Round "13.3"]
[White "Roy, Prantik"]
[Black "Barbosa, Oliver"]
[Result "*"]
[BlackElo "2610"]
[WhiteElo "2308"]
[LiveChessVersion "1.4.5"]

1. d4 {[%clk 0:03:02]} Nf6 {[%clk 0:03:01]} 2. Nf3 {[%clk 0:03:03]} g6
{[%clk 0:02:59]} 3. Bf4 {[%clk 0:03:04]} Bg7 {[%clk 0:02:59]} 4. e3
{[%clk 0:03:05]} O-O {[%clk 0:02:58]} 5. Be2 {[%clk 0:03:06]} d6 {[%clk 0:02:59]}
6. h3 {[%clk 0:03:07]} Nfd7 {[%clk 0:02:59]} 7. O-O {[%clk 0:03:06]} e5
{[%clk 0:03:00]} 8. Bh2 {[%clk 0:03:07]} Nc6 {[%clk 0:03:00]} 9. c4
{[%clk 0:03:07]} f5 {[%clk 0:02:58]} 10. Nc3 {[%clk 0:03:08]} g5 {[%clk 0:02:59]}
11. dxe5 {[%clk 0:02:52]} dxe5 {[%clk 0:02:59]} 12. Qd5+ {[%clk 0:02:53]} Kh8
{[%clk 0:03:00]} 13. h4 {[%clk 0:02:54]} gxh4 {[%clk 0:02:54]} 14. Rad1
{[%clk 0:02:52]} Qe7 {[%clk 0:02:51]} 15. Nb5 {[%clk 0:02:40]} Nf6
{[%clk 0:02:43]} 16. Qd2 {[%clk 0:02:41]} Ne4 {[%clk 0:02:41]} 17. Qc2
{[%clk 0:02:41]} Bf6 {[%clk 0:02:30]} 18. a3 {[%clk 0:02:28]} Rg8
{[%clk 0:02:29]} 19. Kh1 {[%clk 0:02:29]} Qg7 {[%clk 0:02:29]} 20. Ne1
{[%clk 0:02:25]} a6 {[%clk 0:02:17]} 21. Nc3 {[%clk 0:02:25]} Nxc3
{[%clk 0:02:17]} 22. Qxc3 {[%clk 0:02:21]} e4 {[%clk 0:02:18]} 23. Qc2
{[%clk 0:02:22]} Be5 {[%clk 0:02:09]} 24. f4 {[%clk 0:02:09]} Bxb2
{[%clk 0:02:05]} 25. g3 {[%clk 0:01:54]} hxg3 26. Rg1 Be6 {[%clk 0:01:43]} 27.
Rxg3 {[%clk 0:01:55]} Qc3 {[%clk 0:01:43]} 28. Qxc3+ {[%clk 0:01:47]} Bxc3
{[%clk 0:01:44]} 29. Nc2 {[%clk 0:01:49]} Rxg3 {[%clk 0:01:44]} 30. Bxg3 Rd8 31.
Rxd8+ {[%clk 0:01:45]} Nxd8 {[%clk 0:01:46]} 32. Nd4 {[%clk 0:01:42]} Bd7
{[%clk 0:01:42]} 33. Bh4 {[%clk 0:01:26]} Nc6 {[%clk 0:01:38]} 34. Bf6+
{[%clk 0:01:27]} Kg8 {[%clk 0:01:39]} 35. Bh5 {[%clk 0:01:22]} Nxd4
{[%clk 0:01:32]} 36. exd4 {[%clk 0:01:11]} c5 {[%clk 0:01:29]} *

[Event "15th Bangkok Chess Club Open Blitz 2015"]
[Site "Dusit Thani, Pattaya"]
[Date "2015.04.15"]
[Round "13.4"]
[White "Gavilan, Arnulfo"]
[Black "Socko, Bartosz"]
[Result "*"]
[BlackElo "2623"]
[WhiteElo "2244"]
[LiveChessVersion "1.4.5"]

1. e4 {[%clk 0:03:02]} e6 {[%clk 0:03:03]} 2. d4 {[%clk 0:03:01]} d5
{[%clk 0:03:04]} 3. exd5 {[%clk 0:03:00]} exd5 {[%clk 0:03:05]} 4. Nf3
{[%clk 0:03:00]} Bd6 {[%clk 0:03:06]} 5. h3 {[%clk 0:02:59]} Ne7 {[%clk 0:03:07]}
6. Bd3 {[%clk 0:02:57]} Bf5 {[%clk 0:03:07]} 7. Bxf5 {[%clk 0:02:51]} Nxf5
{[%clk 0:03:07]} 8. O-O {[%clk 0:02:50]} Nc6 {[%clk 0:03:08]} 9. Re1+
{[%clk 0:02:47]} Nce7 {[%clk 0:03:07]} 10. b3 {[%clk 0:02:31]} O-O
{[%clk 0:02:56]} 11. c4 {[%clk 0:02:32]} dxc4 {[%clk 0:02:56]} 12. bxc4
{[%clk 0:02:29]} c5 {[%clk 0:02:56]} 13. d5 {[%clk 0:02:23]} Ng6 {[%clk 0:02:54]}
14. Bb2 {[%clk 0:02:18]} Nf4 {[%clk 0:02:45]} 15. Nbd2 {[%clk 0:02:10]} Re8
{[%clk 0:02:44]} 16. Qc2 {[%clk 0:02:04]} Qd7 {[%clk 0:02:41]} 17. Ne4
{[%clk 0:01:57]} f6 {[%clk 0:02:29]} 18. Rab1 {[%clk 0:01:32]} b6
{[%clk 0:02:30]} 19. Nxd6 {[%clk 0:01:07]} Nxd6 {[%clk 0:02:30]} 20. a4
{[%clk 0:00:46]} Rxe1+ {[%clk 0:02:30]} 21. Rxe1 {[%clk 0:00:46]} Re8
{[%clk 0:02:31]} 22. Rxe8+ {[%clk 0:00:35]} Qxe8 {[%clk 0:02:32]} 23. Kh2
{[%clk 0:00:35]} Qg6 {[%clk 0:02:27]} 24. Qxg6 {[%clk 0:00:32]} hxg6
{[%clk 0:02:27]} 25. Nd2 {[%clk 0:00:29]} Nd3 {[%clk 0:02:28]} 26. Ba3
{[%clk 0:00:16]} Nxf2 {[%clk 0:02:26]} 27. a5 {[%clk 0:00:17]} Nd3
{[%clk 0:02:21]} 28. axb6 {[%clk 0:00:17]} axb6 {[%clk 0:02:22]} 29. Kg3
{[%clk 0:00:13]} Ne5 {[%clk 0:02:19]} 30. Nb3 {[%clk 0:00:08]} Ndxc4
{[%clk 0:02:09]} 31. Bxc5 {[%clk 0:00:08]} bxc5 {[%clk 0:02:08]} 32. Nxc5
{[%clk 0:00:09]} Nd6 {[%clk 0:02:08]} 33. Kf2 {[%clk 0:00:06]} g5
{[%clk 0:02:07]} 34. Ne6 {[%clk 0:00:07]} Kf7 {[%clk 0:02:07]} 35. Ke3
{[%clk 0:00:05]} Nb5 {[%clk 0:02:03]} 36. g3 {[%clk 0:00:04]} Nc4+
{[%clk 0:02:00]} 37. Kd3 {[%clk 0:00:03]} Nb6 {[%clk 0:01:58]} 38. Ke4
{[%clk 0:00:04]} Nc3+ {[%clk 0:01:56]} 39. Kd4 {[%clk 0:00:05]} Ncxd5
{[%clk 0:01:54]} 40. Nc5 {[%clk 0:00:06]} Ne7 {[%clk 0:01:52]} 41. h4
{[%clk 0:00:07]} gxh4 {[%clk 0:01:52]} 42. gxh4 {[%clk 0:00:08]} Nf5+
{[%clk 0:01:53]} 43. Ke4 {[%clk 0:00:09]} Nxh4 {[%clk 0:01:54]} 44. Kf4
{[%clk 0:00:11]} Nd5+ {[%clk 0:01:53]} 45. Kg4 {[%clk 0:00:12]} Ng6
{[%clk 0:01:54]} 46. Ne4 {[%clk 0:00:13]} Ne5+ {[%clk 0:01:54]} 47. Kg3
{[%clk 0:00:13]} g5 {[%clk 0:01:52]} 48. Nf2 {[%clk 0:00:11]} Kg6
{[%clk 0:01:53]} 49. Ne4 {[%clk 0:00:12]} f5 {[%clk 0:01:53]} 50. Nc5
{[%clk 0:00:12]} f4+ {[%clk 0:01:53]} 51. Kg2 {[%clk 0:00:12]} Kf5
{[%clk 0:01:54]} 52. Nb3 {[%clk 0:00:13]} Ne3+ {[%clk 0:01:53]} 53. Kf2
{[%clk 0:00:13]} g4 {[%clk 0:01:52]} 54. Nd4+ {[%clk 0:00:13]} Ke4
{[%clk 0:01:53]} 55. Ne2 {[%clk 0:00:14]} Nd3+ {[%clk 0:01:52]} 56. Kg1
{[%clk 0:00:14]} g3 {[%clk 0:01:47]} 57. Kh1 {[%clk 0:00:04]} Nf2+
{[%clk 0:01:48]} 58. Kg1 {[%clk 0:00:05]} Nfg4 {[%clk 0:01:44]} 59. Kh1 *